Liste de marques de cigarettes (blonde seulement) - Statistiques

Statistiques générales
  • Ce quiz a été pris 65 fois
  • Le résultat moyen est 7 sur 43
Statistiques - réponses
Première Lettres Noms Petite aide : % Correct
6 C Camel une marque de cigarettes / Dromadaire / Japan Tobacco
88%
25 M Marlboro une marque américaine de cigarettes blondes fabriquées aux États-Unis par une autre marque de cigarette.
71%
43 W Winston une marque de cigarettes appartenant à ITG Brands LLC sur le territoire américain, tandis que les activités internationales sont depuis 1999 la propriété de l'entreprise Japan Tobacco.
65%
24 L Lucky Strike une marque de cigarettes appartenant au groupe British American Tobacco / États-Unis
61%
28 P Phillip Morris Création : 1847, New York, État de New York, États-Unis / Fondateurs : Leopard Morris, Joseph Grunebaum
61%
41 V Vogue une marque de cigarettes, actuellement détenue et fabriquée par British American Tobacco / commercialisé principalement auprès d'une clientèle féminine comme moyen d'améliorer son apparence physique et son appétit.
45%
8 C Chesterfield une marque de cigarettes / état unis / l'American Tobacco Company
33%
20 G Gitanes une marque de cigarettes produite par la Seita / ne partie de sa production est délocalisée en Pologne à la suite de la fermeture de l'usine de la Seita à Nantes
33%
19 G Gauloises produite en France jusqu'en 2005 / Pologne
31%
30 N News une marque de cigarettes / Société d'exploitation industrielle des tabacs et des allumettes / Fabriquer par La SEITA
27%
15 D Dunhill Entreprise British American Tobacco / British American
20%
18 F Fortuna mythologie romaine / Espagne
20%
29 N Natural American Spirit une marque de cigarettes et de tabac / résentoir de Natural American Spirit au Japon en 2018 / Pays d'origine États-Unis
14%
35 R Rothmans une marque de cigarettes anglaise créée en 1890 et appartenant au groupe British American Tobacco depuis 1999[ / Londres
14%
10 D Davidoff Société anonyme,Cigares / Suisse.
12%
22 J John Player Special fabricant de tabac anglais[
12%
26 M Macdonald le fondateur de la société Macdonald Tobacco / Montréal.
12%
3 B Benson & Hedges une marque de cigarettes / Japan
10%
23 K Kent une marque de cigarettes / Elle appartient au groupe British American Tobacco. / Vendu le plus en Afrique du Sud
10%
31 P Parisienne une marque de cigarettes suisses créée en 1887 par François-Joseph Burrus / dans le canton du Jura et rachetée par British American Tobacco en 1999[1]. Elles sont fabriquées à Boncourt .
10%
2 B Bastos une marque de cigarettes / Britannique
8%
32 P Peter Stuyvesant une marque de cigarettes blondes / Propriétaire(s) actuel(s) British American Tobacco
8%
34 R Rizla+ une marque de papier à cigarette du groupe Imperial Tobacco, créée en 1796 en France par Léonide Lacroix
8%
42 W Winfield une marque de cigarettes vendue notamment en Australie et en Nouvelle-Zélande.
8%
4 B Black Devil une marque de cigarettes / Pays-Bas
6%
9 C Craven A Boîte métallique à la marque au chat noir / Londres
6%
21 J John Player fabricant de tabac anglais[
6%
36 R Royale une marque de cigarettes qui fut connue pour sa gamme de cigarettes menthol / la Société d'exploitation industrielle des tabacs et des allumettes / le monopole sur la fabrication des cigarettes en France
6%
38 S State Express 555 une marque de cigarettes de British American Tobacco. Cette marque est très populaire en Chine, à Taïwan, au Bangladesh et au Viêt Nam.
6%
13 D Drum groupe Impérial Tobacco / Republic Tobacco / États-Unis.
4%
27 M Morley une marque fictive de cigarette / anglaise
4%
1 B Basic une marque de cigarettes / USA
2%
7 C Carpați une marque de cigarettes / Roumanie
2%
11 D Djarum Basée à Jakarta, la marque est commercialisée dans un nombre de pays (Australie, Japon, Belgique, Canada, Arabie Saoudite...) / Indonésie
2%
12 D Dji Sam Soe 234 une marque de cigarettes
2%
14 D du Maurier marque canadienne de cigarette produite par Imperial Tobacco.
2%
16 E Export une marque de cigarettes produites depuis 1928 au Canada par la société Macdonald Tobacco
2%
33 R Ritz une marque portugaise de cigarette créée en 1970, qui appartient au groupe Tabaqueira.
2%
37 S SG une marque de cigarettes portugaise, elle appartient au groupe producteur de tabac portugais Tabaqueira / qui fait partie du groupe américain Altria
2%
39 T Tareyton une marque de cigarette qui était à l'origine fabriquée par la American Tobacco Company
2%
40 V Virginia Slims une marque de cigarettes à destination des jeunes femmes, lancée aux États-Unis en 1968
2%
5 B Brown & Williamson cigarettes mentholées et les cigarettes à filtre / British American
0%
17 E Elixyr (en) une marque de cigarettes arrêter.
0%
Aucun quiz correspondant
Distribution des résultats
% des personnes avec chaque résultat
Percentile par nombre de réponses
Votre historique - résultats
Vous n’avez pas pris ce quiz